ශ්රී ලංකාවේ දේශපාලන ආයතන තුළ ස්ත්රී නියෝජනය (Record no. 3090)
[ view plain ]
| 000 -LEADER | |
|---|---|
| fixed length control field | 007910000a22001930004500 |
| 003 - CONTROL NUMBER IDENTIFIER | |
| control field | LK-CoMWRAF |
| 005 - DATE AND TIME OF LATEST TRANSACTION | |
| control field | 20231218122459.0 |
| 008 - FIXED-LENGTH DATA ELEMENTS--GENERAL INFORMATION | |
| fixed length control field | 230817t ||||| |||| 00| 0 eng d |
| 020 ## - INTERNATIONAL STANDARD BOOK NUMBER | |
| International Standard Book Number | 9559111078 |
| 040 ## - CATALOGING SOURCE | |
| Original cataloging agency | LK-CoMWRAF |
| Modifying agency | LK-CoMWRAF |
| Description conventions | LK-CoMWRAF |
| 041 ## - LANGUAGE CODE | |
| Language code of text/sound track or separate title | Sinhala; Sinhalese |
| 082 ## - DEWEY DECIMAL CLASSIFICATION NUMBER | |
| Classification number | 320 |
| Item number | MAD |
| 942 ## - ADDED ENTRY ELEMENTS (KOHA) | |
| Koha item type | Books |
| 100 ## - MAIN ENTRY--PERSONAL NAME | |
| Personal name | මඩහපොළ, තුෂාරි |
| 245 ## - TITLE STATEMENT | |
| Title | ශ්රී ලංකාවේ දේශපාලන ආයතන තුළ ස්ත්රී නියෝජනය |
| 246 ## - VARYING FORM OF TITLE | |
| Title proper/short title | Sri Lankave Deashapalana Ayathana Thula Sthree Niyojanaya |
| 260 ## - PUBLICATION, DISTRIBUTION, ETC. (IMPRINT) | |
| Place of publication, distribution, etc. | රාජගිරිය : |
| Name of publisher, distributor, etc. | ප්රජාතන්ත්රීය අයිතිවාසිකම් රැකගැනීමේ ව්යාපාරය, |
| Date of publication, distribution, etc. | 2004 |
| 300 ## - PHYSICAL DESCRIPTION | |
| Extent | පි. 121 |
| Withdrawn status | Lost status | Damaged status | Not for loan | Permanent Location | Current Location | Date acquired | Full call number | Barcode | Koha item type |
|---|---|---|---|---|---|---|---|---|---|
| Resource center, Muslim Women's Research And Action Forum | Resource center, Muslim Women's Research And Action Forum | 2023-08-17 | 320 MAD | RAF4134 | Books |

